Central Library OPAC University of Rajshahi

লালন সঙ্গীতে আধ্যাত্নিক চেতনা / (Record no. 47735)

MARC details
000 -LEADER
fixed length control field 00774nam a2200217 a 4500
001 - CONTROL NUMBER
control field 47735
003 - CONTROL NUMBER IDENTIFIER
rucl marc code BD-RjUL
005 - DATE AND TIME OF LATEST TRANSACTION
control field 20211209054401.0
008 - FIXED-LENGTH DATA ELEMENTS--GENERAL INFORMATION
fixed length control field 160810s2011 bg ||||| |||| 00| 0 ben d
035 ## - SYSTEM CONTROL NUMBER
System control number (BD-RjUL)47854
040 ## - CATALOGING SOURCE
Original cataloging agency BD-RjUL
Language of cataloging ben
Transcribing agency BD-RjUL
041 ## - LANGUAGE CODE
Language code of text/sound track or separate title ben
082 ## - DEWEY DECIMAL CLASSIFICATION NUMBER
Edition number 23
Classification number B 398.2
Author mark and year HOL 2011
100 ## - MAIN ENTRY--PERSONAL NAME
Personal name হোসেন, আখতার
9 (RLIN) 144986
245 ## - TITLE STATEMENT
Title লালন সঙ্গীতে আধ্যাত্নিক চেতনা /
Statement of responsibility, etc. আখতার হোসেন
260 ## - PUBLICATION, DISTRIBUTION, ETC. (IMPRINT)
Place of publication, distribution, etc. ঢাকা :
Name of publisher, distributor, etc. সুচয়নী পাবলিশার্স,
Date of publication, distribution, etc. ২০১১.
300 ## - PHYSICAL DESCRIPTION
Pagination ২৭১ পৃ. ;
Size ২২ সেমি.
650 ## - SUBJECT ADDED ENTRY--TOPICAL TERM
Topical term or geographic name as entry element লোক সাহিত্য
9 (RLIN) 144987
Topical term or geographic name as entry element Folk Literature
9 (RLIN) 144988
942 ## - ADDED ENTRY ELEMENTS (KOHA)
Source of classification or shelving scheme Dewey Decimal Classification
Koha item type Books
Holdings
Lost status Source of classification or shelving scheme Damaged status Not for loan Collection code Permanent Location Current Location Shelving location Date acquired Source of acquisition Cost, normal purchase price Total Checkouts Full call number Date last seen Copy number Koha item type Date checked out
  Dewey Decimal Classification     Non-fiction Central Library, University of Rajshahi Central Library, University of Rajshahi   09/12/2012 Folkler Dept. R. U. 350.00   B 398.2 HOL 2011 10/08/2016 C-2 Books  
  Dewey Decimal Classification     Non-fiction Central Library, University of Rajshahi Central Library, University of Rajshahi   09/12/2012 Folkler Dept. R. U 350.00   B 398.2 HOL 2011 10/08/2016 C-3 Books  
  Dewey Decimal Classification     Non-fiction Central Library, University of Rajshahi Central Library, University of Rajshahi   09/12/2012 Folkler Dept. R. U 350.00   B 398.2 HOL 2011 10/08/2016 C-4 Books  
  Dewey Decimal Classification     Non-fiction Central Library, University of Rajshahi Central Library, University of Rajshahi   09/12/2012 Foklore dept,Rajshahi. 350.00 1 B 398.2 HOL 2011 23/10/2016 C-5 Books 05/10/2016
  Dewey Decimal Classification   Not For Loan Non-fiction Central Library, University of Rajshahi Central Library, University of Rajshahi Reading Room 09/12/2012 R.U. Folklore Bivag 350.00   B 398.2 HOL 2011 29/01/2017 C-1 Books